000
00312nam a22001337a 4500
008
170526b xxu||||| |||| 00| 0 eng d
020
_a
9780070288119
041
_a
eng
080
_2
5 ED
_a
62
100
_a
25
101
_a
IM
245
_a
MAITENANING ENGINEERING HAND BOOK
_c
HIGGINS.L.R
942
_2
udc
_c
BK
999
_c
14437
_d
14437